000 00434nam a2200169Ia 4500
003 GCL
008 140319s9999 xx 000 0 eng d
040 _aGCL /
_cGCL
082 0 4 _a330.03
_bB D
100 1 _aBLACK, JOHN
245 1 0 _aA DICTIONARY OF ECONOMICS /
_cBLACK, JOHN
260 _a[S.N] :
_bOXFORD UNIVERSITY PRESS ،
_c1997
300 _a507 P
650 0 4 _aECONOMICS
650 0 4 _aECONOMIC DICTIONARY
942 _2ddc
_cBK
999 _c15811
_d15811